| 000 | nam a22 7a 4500 | ||
|---|---|---|---|
| 999 |
_c29943 _d29943 |
||
| 008 | 181113b xxu||||| |||| 00| 0 eng d | ||
| 020 | _a8172291876 | ||
| 050 | _aRA781.8 K37 2009 | ||
| 100 | _aKapadia Ramesh I. | ||
| 245 |
_aPrimer of Universal Healing : _bA new approach to coronary heart disease / _c Ramesh I. Kapadia. |
||
| 260 |
_aIndia : _bNajivan, _c2009. |
||
| 300 |
_axxii, 104p. : _bill. ; _c19cm. |
||
| 504 | _aInclude Bibliographic details | ||
| 650 | _aHeart Disease. | ||
| 650 | _2Health. | ||
| 942 |
_2lcc _cBOOKS _hRA781.8 K37 2009 _02 |
||